000
00254nam a22001097a 4500
082
_2
22
_a
922.943
100
_a
DDC.
245
_a
Phajo Drugom Zhipo Namthar /
260
_a
DDC Thimphu,
_b
DDC Thimphu,
_c
c1999.
300
_a
99.;
_b
NA
_c
24cm
942
_2
ddc
_c
BK
_0
1
999
_c
665
_d
665